书目信息 |
| 题名: |
《论语》选评
|
|
| 作者: | 汤勤福 撰 | |
| 分册: | ||
| 出版信息: | 上海 上海古籍出版社 2006 |
|
| 页数: | 262页 | |
| 开本: | 21cm | |
| 丛书名: | 新世纪古代哲学经典读本 | |
| 单 册: | ||
| 中图分类: | B222.25 , B222.2 | |
| 科图分类: | ||
| 主题词: | 儒家 , 先秦哲学 | |
| 电子资源: | ||
| ISBN: | 7-5325-4450-8 | |
| 000 | 00872oam2 2200301 450 | |
| 001 | 1160688559 | |
| 005 | 20111004095624.04 | |
| 010 | @a7-5325-4450-8@dCNY17.00 | |
| 100 | @a20070327d2006 em y0chiy50 ea | |
| 101 | 0 | @achi |
| 102 | @aCN@b310000 | |
| 105 | @aa z 000yy | |
| 106 | @ar | |
| 200 | 1 | @a《论语》选评@A《lun yu》 xuan ping@f汤勤福撰 |
| 210 | @a上海@c上海古籍出版社@d2006 | |
| 215 | @a262页@c图@d21cm | |
| 225 | 2 | @a新世纪古代哲学经典读本 |
| 330 | @a本书分为六章,主要内容包括:理想社会、理想的国家、理想人格、人的行为准则、理想主义的教育思想等。 | |
| 461 | 0 | @1001003444269 |
| 605 | @a论语@x研究 | |
| 605 | @a论语 | |
| 606 | 0 | @a儒家 |
| 606 | 0 | @a先秦哲学 |
| 690 | @aB222.25@v4 | |
| 690 | @aB222.2@v4 | |
| 701 | 0 | @a汤勤福@f(1950~)@Atang qin fu@4撰 |
| 801 | 0 | @aCN@b110019@c20060921 |
| 905 | @a10447@dB222.2@eJY160 | |
| 《论语》选评/汤勤福撰 .-上海:上海古籍出版社,2006 |
| 262页:图;21cm .-(新世纪古代哲学经典读本 ) |
| ISBN 7-5325-4450-8:CNY17.00 |
| 本书分为六章,主要内容包括:理想社会、理想的国家、理想人格、人的行为准则、理想主义的教育思想等。 |
| ● |
| 相关链接 |
|
|
|
|
正题名:《论语》选评
索取号:B222.2/JY160
 
预约/预借
| 序号 | 登录号 | 条形码 | 馆藏地/架位号 | 状态 | 备注 |
| 1 | 7824704 | 278247041 | 学院路分馆/ [索取号:B222.2/JY160] | 在馆 | |
| 2 | 7824705 | 278247050 | 学院路分馆/ [索取号:B222.2/JY160] | 在馆 | |
| 3 | 7824706 | 278247069 | 学院路分馆/ [索取号:B222.2/JY160] | 在馆 | |
| 4 | 7824707 | 278247078 | 学院路分馆/ [索取号:B222.2/JY160] | 在馆 |